|
|
|
|
| LEADER |
00897nam a22002532a 4500 |
| 001 |
001791082 |
| 003 |
CZ BrMZK |
| 005 |
20210518094311.0 |
| 007 |
ta |
| 008 |
210518s1975 rm a er|||||||||||fre d |
| 040 |
|
|
|a DLC
|b cze
|c DLC
|d EQO
|d ABB036
|d BOA001
|
| 043 |
|
|
|a e-rm---
|
| 100 |
1 |
|
|a Olteanu, Ștefan
|4 aut
|
| 245 |
1 |
4 |
|a Les pays roumains à l'époque de Michel le Brave (L'Union de 1600) /
|c Ștefan Olteanu
|
| 260 |
|
|
|a București :
|b Editura Academiei Republicii Socialiste România,
|c 1975
|
| 300 |
|
|
|a 159 s. :
|b il. ;
|c 24 cm
|
| 490 |
1 |
|
|a Bibliotheca historica Romaniae. Monographies ;
|v 14
|
| 504 |
|
|
|a Obsahuje bibliografické odkazy
|
| 651 |
|
7 |
|a Rumunsko
|7 ge130694
|2 czenas
|
| 830 |
|
0 |
|a Bibliotheca historica Romaniae
|
| 910 |
|
|
|a BOA001
|b 3-0747.354
|
| 990 |
|
|
|a BK
|
| 991 |
|
|
|b 202105
|
| 996 |
7 |
|
|b 2618701646
|c 3-0747.354
|l MZK
|r Sklad / do 1 hodiny
|n 0
|w 001852917
|u 000010
|a 1
|e BOA001
|j MZK50
|s A
|